|
|
|
|
| LEADER |
01680nam a2200421 a 4500 |
| 001 |
EBC3398978 |
| 003 |
MiAaPQ |
| 005 |
20200520144314.0 |
| 006 |
m o d | |
| 007 |
cr cn||||||||| |
| 008 |
130427s1999 fr abd sb 100 0 fre d |
| 020 |
|
|
|z 2853625141
|
| 020 |
|
|
|z 9782853625142
|
| 020 |
|
|
|z 9782759207183 (e-book)
|
| 035 |
|
|
|a (MiAaPQ)EBC3398978
|
| 035 |
|
|
|a (Au-PeEL)EBL3398978
|
| 035 |
|
|
|a (CaPaEBR)ebr10686497
|
| 035 |
|
|
|a (OCoLC)923344035
|
| 040 |
|
|
|a MiAaPQ
|c MiAaPQ
|d MiAaPQ
|
| 041 |
0 |
|
|a fre
|a eng
|
| 043 |
|
|
|a e-fr---
|
| 050 |
|
4 |
|a GB992.F8
|b B37 1999
|
| 245 |
0 |
4 |
|a Les bassins versants experimentaux de Draix, laboratoire d'etude de l'erosion en montagne
|h [electronic resource] =
|b Experimental catchments of Draix : a field laboratory for mountain erosion studies : Draix- Le Brusquet- Digne 22-24 octobre 1997 /
|c coordinateur scientifique Nicolle Mathys.
|
| 260 |
|
|
|a Antony [France] :
|b Cemagref,
|c 1999.
|
| 300 |
|
|
|a 323 p. :
|b ill., maps.
|
| 490 |
1 |
|
|a Actes de colloque
|
| 504 |
|
|
|a Includes bibliographical references.
|
| 533 |
|
|
|a Electronic reproduction. Ann Arbor, MI : ProQuest, 2015. Available via World Wide Web. Access may be limited to ProQuest affiliated libraries.
|
| 546 |
|
|
|a In French, with summaries in French and English.
|
| 650 |
|
0 |
|a Erosion.
|
| 650 |
|
0 |
|a Experimental watershed areas.
|
| 650 |
|
0 |
|a Hydrology.
|
| 651 |
|
0 |
|a Alpes de Haute-Provence (France)
|
| 655 |
|
4 |
|a Electronic books.
|
| 700 |
1 |
|
|a Mathys, Nicolle.
|
| 710 |
2 |
|
|a ProQuest (Firm)
|
| 830 |
|
0 |
|a Actes de colloque (Antony, France)
|
| 856 |
4 |
0 |
|u https://ebookcentral.proquest.com/lib/matrademy/detail.action?docID=3398978
|z Click to View
|